|
|
|
|
| LEADER |
00000nab a2200000 a 4500 |
| 001 |
vtls000508703 |
| 003 |
SK-MaSNL |
| 005 |
20260304092628.0 |
| 008 |
250425c1993 xo 0 slo |
| 015 |
|
|
|a SNBRB19rr/mm-uuuuu
|
| 035 |
|
|
|a CL0508841
|
| 035 |
|
|
|a urn:nbn:sk:snk-ab1qa2
|
| 035 |
|
|
|a (urnnbn)urn:nbn:sk:snk:ar-004y5m
|
| 035 |
|
|
|a (uuid)810f42b7-2779-48c4-bcc7-8c866abf5bc6
|
| 040 |
|
|
|a SNKBUCL
|b slo
|c SNKBUCL
|e AACR2
|
| 041 |
0 |
|
|a eng
|
| 044 |
|
|
|a xo
|c SK
|
| 080 |
|
|
|a 681.3.012:681.326.3:744
|2 1981
|
| 080 |
|
|
|a 519.688
|2 1981
|
| 100 |
1 |
|
|a Grefen, Paul W. P. J.
|4 aut
|9 1386735
|
| 245 |
1 |
0 |
|a A Graph-Based Approach to Action Scheduling in a Parallel Database System
|c Paul W. P. J. Grefen, Peter M. G. Apers
|
| 300 |
|
|
|b Fotogr. 2, obr. 10, tab. 2, sch. 5, graf 1, lit. 19 zázn. v angl.
|
| 650 |
0 |
7 |
|a systémy databázové paralelné
|2 snkbucl
|9 1386736
|
| 650 |
0 |
7 |
|a procesy grafické
|2 snkbucl
|9 1386737
|
| 655 |
|
7 |
|a články z novín a časopisov
|2 snkbucl
|9 267496
|
| 700 |
1 |
|
|a Apers, Peter M. G.
|4 aut
|9 1386738
|
| 773 |
0 |
|
|t Computers and artificial intelligence
|g Roč. 12, č. 3 (1993), s. 251-278
|x 0232-0274
|
| 850 |
|
|
|a Slovenská národná knižnica
|
| 852 |
|
|
|a Slovenská národná knižnica
|
| 958 |
|
|
|a article27
|
| 958 |
|
|
|a NB
|
| 958 |
|
|
|a RK
|
| 958 |
|
|
|a NL
|
| 958 |
|
|
|a OND
|
| 958 |
|
|
|a EUIPO
|
| 992 |
|
|
|a RBX
|
| 999 |
|
|
|c 2819749
|d 2821679
|